Sports Quiz

Random Sports or Hockey Quiz
Score 0/118 Timer 12:00
2 Plays Today
Nickname % Correct
Bears
70.9%
Bruins
69.8%
Penguins
65.9%
Stars
65.6%
Stars
65.6%
Stars
65.6%
Senators
61.1%
Senators
61.1%
Senators
61.1%
Devils
60.7%
Devils
60.7%
Sharks
60.3%
Wings
60.1%
Golden Flames
59.8%
Flames
59.5%
Flames
59.5%
Rangers
59.2%
Red Wings
56.9%
Wild
54.5%
Canadiens
54.4%
Canadiens
54.4%
Kings
54.4%
Maple Leafs
54.3%
Wolves
54%
Oilers
52.8%
Oilers
52.8%
Americans
52.8%
Comets
51.4%
Phantoms
50.9%
Phantoms
50.9%
Flyers
50.2%
Bulldogs
49.5%
Whale
49.5%
Panthers
48.9%
Islanders
48.4%
Jets
48%
Moose
48%
Canucks
47.6%
Admirals
47.6%
Admirals
47.6%
Nickname % Correct
Marlies
47.4%
Falcons
46.2%
Capitals
45.6%
Roadrunners
44.9%
Hawks
44.9%
Hawks
44.9%
Crunch
44.6%
Thunderbirds
43.8%
Phantoms
43.7%
Whalers
43.4%
Heat
43.1%
Barons
43.1%
Barons
43.1%
Barons
43.1%
River Rats
42.2%
Aeros
41.4%
Monarchs
40.9%
Monarchs
40.9%
Lions
40.8%
Heat
40.6%
Monsters
40.2%
Wolf Pack
39.6%
Eagles
39.6%
Eagles
39.6%
Pirates
39.5%
Indians
36.5%
Checkers
36.2%
Griffins
35.2%
Reds
35.2%
Sound Tigers
34.8%
Gulls
34.8%
IceHogs
34.7%
Rivermen
32.7%
Rampage
31.9%
Reign
31.4%
Barracuda
31.3%
Mighty Ducks
30.7%
Ak-Sar-Ben Knights
30.1%
Condors
28.3%
Grizzlies
26.6%
Nickname % Correct
Roadrunners
26.4%
Road Runners
26.4%
Aces
25.7%
Aces
25.7%
Mariners
24.8%
IceCats
23.8%
Saints
23.8%
Saints
23.8%
Blades
23.8%
Skipjacks
22.7%
Lock Monsters
22.6%
IceCaps
22.6%
Hornets
21.8%
Chops
21.6%
Gulls
21.2%
Braves
20.8%
Rockets
20.3%
Bisons
20%
Warriors
19.9%
Nighthawks
19.2%
Citadels
18.7%
Citadelles
18.7%
Clippers
18.5%
Thoroughblades
17.9%
Voyageurs
16.9%
Voyageurs
16.9%
Beast
16.8%
Broome Dusters
16.4%
Bandits
16.1%
Express
15.3%
Swords
15%
Firebirds
13.8%
Firebirds
13.8%
Robins
12.5%
Ramblers
12.2%
Ramblers
12.2%
Mohawks
10.9%
Alpines
10.6%

You're not logged in!

Compare scores with friends on all Sporcle quizzes.
OR
Log In

Sporcle TV

Today on Sporcle TV


Watch our educational content, quiz creation guides, and fun videos on Sporcle TV.

Show Comments

Extras

Top Quizzes Today


Score Distribution

Paid Content

Your Account Isn't Verified!

In order to create a playlist on Sporcle, you need to verify the email address you used during registration. Go to your Sporcle Settings to finish the process.

Report this User

Report this user for behavior that violates our Community Guidelines.

Details: